[Event "Mondiale Lampo FIDE 2019"]
[Site "Mosca"]
[Date "29.12.2019"]
[Round "8.17"]
[White "Christiansen, Johan-Sebastian"]
[Black "Le, Quang Liem"]
[Result "1-0"]
[WhiteTitle "GM"]
[BlackTitle "GM"]
[WhiteElo "2597"]
[BlackElo "2713"]
[WhiteFideId "1512668"]
[BlackFideId "12401137"]
[EventDate "2019.12.29"]

1. Nf3 Nf6 2. c4 c5 3. Nc3 Nc6 4. g3 g6 5. Bg2 d6 6. O-O Bg7 7. d4 cxd4 8. Nxd4
Bd7 9. b3 h5 10. Bb2 h4 11. Qd2 hxg3 12. hxg3 Qa5 13. Bf3 Ng4 14. Ndb5 a6 15. b4
Qd8 16. Nc7+ Qxc7 17. Nd5 Qd8 18. Bxg7 Rh7 19. Bd4 Nxd4 20. Qxd4 Ne5 21. Bg2 Rc8
22. Nb6 Rc7 23. c5 Bc6 24. Rad1 f6 25. cxd6 exd6 26. Qxd6 Qxd6 27. Rxd6 Bxg2 28.
Kxg2 Rc6 29. Rfd1 Rxd6 30. Rxd6 Ng4 31. f3 Ne3+ 32. Kg1 Rf7 33. Re6+ Re7 34.
Rxf6 Nc2 35. e4 Nxb4 36. Rxg6 Nxa2 37. Nd5 Rf7 38. f4 a5 39. e5 a4 40. e6 Rf8
41. Rg7 Rf5 42. Nc7+ Kf8 43. e7+ Kxg7 44. e8=Q b5 45. Nxb5 Rf8 46. Qe5+ Kg8 47.
Qd5+ 1-0

[Event "Mondiale Lampo FIDE 2019"]
[Site "Mosca"]
[Date "29.12.2019"]
[Round "8.19"]
[White "Safarli, Eltaj"]
[Black "Grischuk, Alexander"]
[Result "1/2-1/2"]
[WhiteTitle "GM"]
[BlackTitle "GM"]
[WhiteElo "2601"]
[BlackElo "2777"]
[WhiteFideId "13402129"]
[BlackFideId "4126025"]
[EventDate "2019.12.29"]

1. e4 d5 2. exd5 Qxd5 3. Nc3 Qa5 4. g3 Nf6 5. Bg2 c6 6. Nge2 Bf5 7. b4 Qc7 8.
Rb1 e6 9. O-O Be7 10. b5 O-O 11. h3 h6 12. d3 Bh7 13. Re1 Rd8 14. a4 Nbd7 15.
bxc6 bxc6 16. Nd4 Nd5 17. Nxd5 cxd5 18. Nb5 Qc6 19. c4 Nf6 20. Bf4 Qd7 21. Nc7
Rac8 22. Rb7 Qc6 23. Nxd5 Nxd5 24. Rxe7 Qc5 25. cxd5 Qxe7 26. dxe6 fxe6 27. Qg4
Qf7 28. Qxe6 Qxe6 29. Rxe6 Bxd3 30. Be3 Rd7 31. a5 Bc4 32. Re5 a6 33. g4 Rcc7
34. Kh2 Re7 35. Rf5 Rf7 36. Re5 Rfe7 37. Rf5 Rf7 38. Re5 Rfe7 1/2-1/2

[Event "Mondiale Lampo FIDE 2019"]
[Site "Mosca"]
[Date "29.12.2019"]
[Round "8.20"]
[White "Dominguez Perez, Leinier"]
[Black "Kobalia, Mikhail"]
[Result "0-1"]
[WhiteTitle "GM"]
[BlackTitle "GM"]
[WhiteElo "2758"]
[BlackElo "2609"]
[WhiteFideId "3503240"]
[BlackFideId "4119150"]
[EventDate "2019.12.29"]

1. e4 c6 2. d4 d5 3. exd5 cxd5 4. Bd3 Nc6 5. c3 g6 6. Nf3 Bf5 7. Bxf5 gxf5 8.
Bg5 Qc7 9. O-O e6 10. Re1 Be7 11. c4 dxc4 12. d5 O-O-O 13. Nc3 Nf6 14. Qa4 Nxd5
15. Nxd5 Rxd5 16. Bxe7 Qxe7 17. Qxc4 Rhd8 18. Rac1 Kb8 19. a3 a6 20. h3 Nd4 21.
Nxd4 Rxd4 22. Qc3 h5 23. Qg3+ Qd6 24. Qg5 Qf4 25. Qxh5 Rd2 26. Rf1 Rxf2 27. Rxf2
Qxc1+ 28. Kh2 Qc7+ 29. g3 Rd3 30. Qg5 Qe5 31. h4 Rd4 32. Kg2 Ka7 33. Kh2 Rg4 0-1

[Event "Mondiale Lampo FIDE 2019"]
[Site "Mosca"]
[Date "29.12.2019"]
[Round "8.21"]
[White "Amin, Bassem"]
[Black "Ganguly, Surya Shekhar"]
[Result "1-0"]
[WhiteTitle "GM"]
[BlackTitle "GM"]
[WhiteElo "2683"]
[BlackElo "2633"]
[WhiteFideId "10601457"]
[BlackFideId "5002150"]
[EventDate "2019.12.29"]

1. f4 d5 2. Nf3 Nf6 3. e3 g6 4. Be2 Bg7 5. O-O O-O 6. d3 c5 7. Qe1 Nc6 8. Kh1 b6
9. Ne5 Bb7 10. Bf3 e6 11. Nxc6 Bxc6 12. e4 dxe4 13. dxe4 Qc7 14. Nc3 Nd7 15. e5
Rae8 16. a4 f6 17. exf6 Nxf6 18. Nb5 Qd7 19. Bxc6 Qxc6 20. Nxa7 Qd5 21. Nb5 Qh5
22. c3 e5 23. Nd6 Re6 24. Nc4 Rfe8 25. fxe5 Ng4 26. Bf4 Nxe5 27. Nxe5 Bxe5 28.
Qd2 Bg7 29. h3 Re2 30. Qd7 h6 31. Rad1 Rf8 32. Qc6 Rxb2 33. Bd6 Rxf1+ 34. Rxf1
Qe2 35. Qa8+ Kh7 36. Qf3 Qxf3 37. Rxf3 Rc2 38. Rf7 Kg8 39. Rb7 Bxc3 40. Rxb6 Bb4
41. Be5 Kf7 42. Rf6+ Ke7 43. Rxg6 h5 44. Rb6 Be1 1-0

[Event "Mondiale Lampo FIDE 2019"]
[Site "Mosca"]
[Date "29.12.2019"]
[Round "8.22"]
[White "Bosiocic, Marin"]
[Black "Adly, Ahmed"]
[Result "0-1"]
[WhiteTitle "GM"]
[BlackTitle "GM"]
[WhiteElo "2623"]
[BlackElo "2607"]
[WhiteFideId "14507927"]
[BlackFideId "10601619"]
[EventDate "2019.12.29"]

1. e4 c6 2. d4 d5 3. e5 Bf5 4. Nf3 e6 5. Be2 Ne7 6. O-O c5 7. Be3 Nd7 8. dxc5
Nc6 9. c4 dxc4 10. Na3 Bxc5 11. Nxc4 O-O 12. Bxc5 Nxc5 13. Nd6 Ne4 14. Rc1 Nxd6
15. Qxd6 Qxd6 16. exd6 Rfd8 17. Rfd1 Be4 18. Bc4 h6 19. Ne1 Na5 20. Be2 Bd5 21.
b4 Nc6 22. b5 Ne5 23. f4 Ng6 24. f5 Nf4 25. Bf1 Rxd6 26. fxe6 Nxe6 27. Nc2 Rad8
28. Nb4 Be4 29. Re1 Rd4 30. a3 f5 31. Rc3 Kf7 32. Rce3 Nc5 33. Rc3 Ne6 34. Rce3
Kf6 35. g4 g6 36. Bg2 Nc5 37. Rc3 Rd1 38. Re3 f4 39. Re2 f3 0-1

[Event "Mondiale Lampo FIDE 2019"]
[Site "Mosca"]
[Date "29.12.2019"]
[Round "8.23"]
[White "Rakhmanov, Aleksandr"]
[Black "Wojtaszek, Radoslaw"]
[Result "1/2-1/2"]
[WhiteTitle "GM"]
[BlackTitle "GM"]
[WhiteElo "2645"]
[BlackElo "2725"]
[WhiteFideId "4173708"]
[BlackFideId "1118358"]
[EventDate "2019.12.29"]

1. c4 Nf6 2. Nc3 e5 3. e3 Nc6 4. Nf3 Bb4 5. Nd5 e4 6. Ng1 O-O 7. Qc2 Re8 8. Ne2
Bf8 9. a3 Nxd5 10. cxd5 Ne7 11. Qxe4 c6 12. dxc6 dxc6 13. Ng3 Nd5 14. Qc2 Qh4
15. Be2 a5 16. b3 Bg4 17. Bb2 Bxe2 18. Nxe2 Qg4 19. Ng3 Rad8 20. Qf5 Qxf5 21.
Nxf5 Nf4 22. Bc3 g6 23. Ng3 Nxg2+ 24. Kf1 Nh4 25. Bxa5 Rd5 26. Bc3 Nf3 27. Ke2
Nd4+ 28. Bxd4 Rxd4 29. b4 h5 30. d3 Rd5 31. Ne4 Bg7 32. Ra2 h4 33. h3 f5 34. Ng5
Bf6 35. Nf3 Kf7 36. Rg1 Rg8 37. d4 g5 38. Rc2 g4 39. hxg4 fxg4 40. Nd2 Be7 41.
Nc4 Ke6 42. Ne5 g3 43. fxg3 hxg3 44. Kf3 Bd6 45. Rxg3 Rxg3+ 46. Kxg3 Bxe5+ 47.
dxe5 Kxe5 48. Kf3 Rd3 49. Rc5+ Kd6 50. a4 b6 51. Rh5 c5 52. Rh6+ Kc7 53. bxc5
bxc5 54. a5 Ra3 55. a6 Ra4 56. e4 c4 57. Ke3 c3 58. e5 Ra5 59. e6 Rxa6 60. e7
Ra8 61. Kd3 Kd7 1/2-1/2

[Event "Mondiale Lampo FIDE 2019"]
[Site "Mosca"]
[Date "29.12.2019"]
[Round "8.24"]
[White "Sarana, Alexey"]
[Black "Petrosyan, Manuel"]
[Result "0-1"]
[WhiteTitle "GM"]
[BlackTitle "GM"]
[WhiteElo "2663"]
[BlackElo "2613"]
[WhiteFideId "24133795"]
[BlackFideId "13300857"]
[EventDate "2019.12.29"]

1. d4 Nf6 2. c4 e6 3. Nf3 d5 4. Nc3 c5 5. cxd5 exd5 6. Bg5 Nc6 7. e3 a6 8. Bd3
c4 9. Bc2 Be7 10. O-O O-O 11. Ne5 h6 12. Bh4 Be6 13. f4 Qd6 14. a3 Bd8 15. Rc1
Ne8 16. Bxd8 Rxd8 17. Kh1 f5 18. Qh5 Nf6 19. Qg6 Ne7 20. Qg3 Ne4 21. Nxe4 dxe4
22. Qf2 b5 23. Rg1 a5 24. g4 fxg4 25. Bxe4 Bd5 26. Qg2 Bxe4 27. Qxe4 Qd5 28.
Qxd5+ Nxd5 29. Rce1 h5 30. h3 gxh3 31. Rg5 Rf6 32. Reg1 g6 33. Nxg6 Kf7 34. Ne5+
Ke6 35. Re1 Rc8 36. Nf3 b4 37. axb4 axb4 38. Nd2 c3 39. Re5+ Kf7 40. bxc3 bxc3
41. Ne4 c2 42. Rxd5 c1=Q 43. Rxc1 Rxc1+ 44. Kh2 Ra6 45. Rf5+ Kg6 46. Rg5+ Kh6
47. Ng3 Ra2+ 48. Kxh3 h4 49. Kxh4 Re1 50. Rh5+ Kg7 51. Rg5+ Kh6 52. Nf5+ Kh7 53.
Rg7+ Kh8 54. Re7 Rg1 55. Kh3 Rag2 56. Re8+ Kh7 57. Re7+ Kg8 58. d5 Rg6 59. Kh2
R1g2+ 60. Kh3 Rg1 61. Kh2 R1g2+ 62. Kh3 Rg1 63. Re8+ Kf7 64. Re7+ Kf6 65. Kh2
Kxf5 66. d6 R1g2+ 67. Kh3 R2g3+ 68. Kh2 R3g4 69. Re5+ Kf6 70. Kh3 Rg1 71. Kh2
Rd1 72. e4 Rxd6 73. Rf5+ Kg7 74. Ra5 Rd2+ 75. Kh3 Rd3+ 76. Kh4 Rd1 0-1

[Event "Mondiale Lampo FIDE 2019"]
[Site "Mosca"]
[Date "29.12.2019"]
[Round "8.26"]
[White "Giri, Anish"]
[Black "Tengis, Tsog-Ochir"]
[Result "1-0"]
[WhiteTitle "GM"]
[BlackTitle "FM"]
[WhiteElo "2769"]
[BlackElo "2190"]
[WhiteFideId "24116068"]
[BlackFideId "4902718"]
[EventDate "2019.12.29"]

1. d4 Nf6 2. c4 g6 3. Nc3 d5 4. cxd5 Nxd5 5. e4 Nxc3 6. bxc3 c5 7. Bc4 Bg7 8.
Ne2 O-O 9. O-O Nc6 10. Be3 Qc7 11. Rc1 Rd8 12. h4 b6 13. h5 Bb7 14. hxg6 hxg6
15. Nf4 Ne5 16. Nd5 Bxd5 17. Bxd5 Nc6 18. Qa4 Rac8 19. dxc5 bxc5 20. Bxc6 Qxc6
21. Qxa7 Rd7 22. Qa3 Qxe4 23. Bxc5 Qc4 24. Bxe7 Be5 25. Rfe1 Qd5 26. c4 Rxc4 27.
Rxc4 Qxc4 28. Rxe5 Rd1+ 29. Kh2 Qf4+ 30. Qg3 Qc1 31. Qe3 Rh1+ 32. Kg3 Qc7 33.
Bf6 Kh7 34. f4 Qc2 35. Re8 1-0

[Event "Mondiale Lampo FIDE 2019"]
[Site "Mosca"]
[Date "29.12.2019"]
[Round "8.27"]
[White "Sychev, Klementy"]
[Black "Vitiugov, Nikita"]
[Result "1/2-1/2"]
[WhiteTitle "GM"]
[BlackTitle "GM"]
[WhiteElo "2563"]
[BlackElo "2747"]
[WhiteFideId "4114060"]
[BlackFideId "4152956"]
[EventDate "2019.12.29"]

1. e4 e6 2. d4 d5 3. Nd2 c5 4. exd5 Qxd5 5. Ngf3 cxd4 6. Bc4 Qd6 7. O-O Nf6 8.
Nb3 Nc6 9. Bg5 a6 10. Re1 Be7 11. Nbxd4 Nxd4 12. Qxd4 Qxd4 13. Nxd4 Bd7 14. Rad1
h6 15. Bh4 Rc8 16. Bb3 Rc5 17. Nf3 Bb5 18. Ne5 O-O 19. Ng6 Re8 20. Nxe7+ Rxe7
21. Bg3 Re8 22. f3 Bc4 23. Bxc4 Rxc4 24. c3 Rec8 25. Rd6 Nd5 26. Rd7 b5 27. a3
a5 28. Ra7 b4 29. Rxa5 bxc3 30. bxc3 Rxc3 31. Re2 Rc1+ 32. Kf2 Ra1 33. Ra7 Rcc1
34. Be5 Rab1 35. a4 h5 36. h4 f6 37. Bd6 e5 38. Bxe5 fxe5 39. Rxe5 Nf4 40. Ree7
Rc2+ 41. Kg3 Rxg2+ 42. Kxf4 Rb4+ 43. Ke3 Rxh4 44. a5 Ra4 45. a6 h4 46. Re4 Ra3+
47. Kd4 Rd2+ 48. Kc4 h3 49. Rg4 h2 50. Rgxg7+ Kf8 51. Rgf7+ Kg8 52. Rg7+ Kf8 53.
Rh7 Kg8 54. Rag7+ Kf8 55. Rf7+ Kg8 56. Rhg7+ Kh8 57. Rh7+ Kg8 58. Rfg7+ Kf8 59.
Rf7+ Kg8 60. Rfg7+ Kf8 61. Rf7+ Kg8 62. Rhg7+ Kh8 63. Rh7+ Kg8 64. Rfg7+ Kf8 65.
Rf7+ 1/2-1/2

[Event "Mondiale Lampo FIDE 2019"]
[Site "Mosca"]
[Date "29.12.2019"]
[Round "8.29"]
[White "Bluebaum, Matthias"]
[Black "Gelfand, Boris"]
[Result "1/2-1/2"]
[WhiteTitle "GM"]
[BlackTitle "GM"]
[WhiteElo "2644"]
[BlackElo "2684"]
[WhiteFideId "24651516"]
[BlackFideId "2805677"]
[EventDate "2019.12.29"]

1. d4 Nf6 2. c4 c5 3. d5 e5 4. Nc3 d6 5. g3 Nbd7 6. Bg2 g6 7. e4 Bg7 8. Nf3 a6
9. a4 b6 10. O-O Rb8 11. Ne1 h5 12. h3 h4 13. g4 Nh7 14. Nd3 Bf6 15. f4 exf4 16.
Bxf4 Qe7 17. Qd2 Ne5 18. Nxe5 Bxe5 19. Kh1 Rb7 20. Ra3 f6 21. Ne2 Ng5 22. Nc1
Nf7 23. Be3 a5 24. Nd3 g5 25. Nxe5 Nxe5 26. Qe2 O-O 27. Bg1 Bd7 28. b3 Be8 29.
Raa1 Bg6 30. Rae1 Rbb8 31. Bh2 Rbe8 32. Rf2 Kg7 33. Ref1 Nd7 34. Re1 Rf7 35. Qe3
Ne5 36. Ref1 Nd7 37. Re1 Qf8 38. Ref1 Qe7 39. Re1 Ne5 40. Ref1 Qd8 41. Qc3 Qc7
42. Qe3 Nd7 43. Qd3 Rfe7 44. Qc3 Rf7 45. Qd3 Ne5 1/2-1/2

[Event "Mondiale Lampo FIDE 2019"]
[Site "Mosca"]
[Date "29.12.2019"]
[Round "8.30"]
[White "Kamsky, Gata"]
[Black "Guliyev, Namig"]
[Result "1-0"]
[WhiteTitle "GM"]
[BlackTitle "GM"]
[WhiteElo "2677"]
[BlackElo "2548"]
[WhiteFideId "2000024"]
[BlackFideId "13400363"]
[EventDate "2019.12.29"]

1. e4 c5 2. Nf3 g6 3. c3 d5 4. exd5 Qxd5 5. d4 Bg7 6. Na3 cxd4 7. Bc4 Qe4+ 8.
Be3 Nh6 9. Nb5 O-O 10. cxd4 Nf5 11. Qd2 Nc6 12. O-O a6 13. Nc3 Qg4 14. h3 Qh5
15. Rad1 Nd6 16. Be2 Qa5 17. d5 Ne5 18. Nxe5 Bxe5 19. Bg5 Re8 20. Qe3 Bg7 21.
Rfe1 Bd7 22. Bf1 Rac8 23. Qd2 Nf5 24. Rc1 Qb4 25. a3 Qd4 26. Qe2 Qb6 27. Rcd1 h6
28. Bf4 Qb3 29. Rd3 Qc4 30. Be5 Bxe5 31. Qxe5 Qc7 32. Qe2 Qf4 33. g3 Qc4 34. Qd2
Qc7 35. g4 Ng7 36. Qxh6 Qb6 37. Rd2 Bb5 38. Bxb5 axb5 39. Ne4 1-0

[Event "Mondiale Lampo FIDE 2019"]
[Site "Mosca"]
[Date "29.12.2019"]
[Round "8.31"]
[White "Yuffa, Daniil"]
[Black "Aronian, Levon"]
[Result "1/2-1/2"]
[WhiteTitle "GM"]
[BlackTitle "GM"]
[WhiteElo "2566"]
[BlackElo "2775"]
[WhiteFideId "24131423"]
[BlackFideId "13300474"]
[EventDate "2019.12.29"]

1. d4 Nf6 2. c4 e6 3. Nc3 Bb4 4. e3 O-O 5. Bd2 c5 6. a3 Bxc3 7. Bxc3 Ne4 8. Ne2
b6 9. d5 Ba6 10. b3 b5 11. Qd3 exd5 12. Qxd5 Nxc3 13. Nxc3 Qa5 14. Qd2 bxc4 15.
Bxc4 Nc6 16. O-O Bxc4 17. bxc4 Ne5 18. Ne4 Qxd2 19. Nxd2 Rfb8 20. Rfb1 Kf8 21.
Kf1 Ke7 22. Ke2 Rb6 23. f4 Nc6 24. Kd3 Rab8 25. Kc3 d6 26. Rxb6 Rxb6 27. Rb1 Ke6
28. Rb3 Ne7 29. Kd3 h5 30. Rxb6 axb6 31. Ne4 f6 32. Nc3 Kd7 33. e4 Kc6 34. Nd5
Ng6 35. g3 b5 36. cxb5+ Kxb5 37. Nc7+ Ka4 38. Ne8 Kxa3 39. Kc4 h4 40. Nxd6 hxg3
41. hxg3 Kb2 42. Nf5 Kc2 43. Nxg7 Kd2 44. Nh5 Ke3 45. Nxf6 Kf3 46. e5 Kxg3 47.
e6 Kxf4 48. Kxc5 Ke5 49. Nd7+ Kxe6 1/2-1/2

[Event "Mondiale Lampo FIDE 2019"]
[Site "Mosca"]
[Date "29.12.2019"]
[Round "8.32"]
[White "Khusnutdinov, Rustam"]
[Black "Nihal, Sarin"]
[Result "1-0"]
[WhiteTitle "GM"]
[BlackTitle "GM"]
[WhiteElo "2491"]
[BlackElo "2612"]
[WhiteFideId "13701703"]
[BlackFideId "25092340"]
[EventDate "2019.12.29"]

1. Nc3 e5 2. Nf3 Nc6 3. d4 exd4 4. Nxd4 Nf6 5. Bg5 Bb4 6. Qd3 O-O 7. a3 Ba5 8.
Nb3 Bxc3+ 9. Qxc3 d6 10. Bxf6 Qxf6 11. Qxf6 gxf6 12. g3 Re8 13. Bg2 Bf5 14. Kd2
Be4 15. Bxe4 Rxe4 16. e3 a5 17. c3 Re5 18. Nd4 Nxd4 19. cxd4 Rb5 20. Rab1 a4 21.
Rhc1 c6 22. Rc3 d5 23. b4 axb3 24. Rcxb3 Rxb3 25. Rxb3 Ra7 26. Kc3 Kf8 27. Kb4
b6 28. Rc3 Rc7 29. a4 Ke7 30. a5 bxa5+ 31. Kxa5 Kd6 32. Kb6 Rc8 33. Kb7 Rc7+ 34.
Kb8 Re7 35. Rb3 Re8+ 36. Ka7 h5 37. h4 Rf8 38. Kb7 Re8 39. Ra3 f5 40. Ra6 Re7+
41. Kb6 Re8 42. Ra7 f6 43. Rf7 Rb8+ 44. Ka7 Rb2 45. Rxf6+ Kc7 46. Rf7+ Kd6 47.
Rxf5 c5 48. dxc5+ Kxc5 49. e4 Kc6 50. exd5+ Kc7 51. Ka6 Kd6 52. Ka5 Kc5 53. Ka4
Kc4 54. Ka3 Rb6 55. Rxh5 Kc3 56. Ka4 Kc4 57. Ka5 Rb2 58. Rf5 Kc5 59. d6+ Kxd6
60. h5 Ke6 61. g4 Rc2 62. h6 1-0

[Event "Mondiale Lampo FIDE 2019"]
[Site "Mosca"]
[Date "29.12.2019"]
[Round "8.33"]
[White "Zhigalko, Sergei"]
[Black "Esipenko, Andrey"]
[Result "1-0"]
[WhiteTitle "GM"]
[BlackTitle "GM"]
[WhiteElo "2571"]
[BlackElo "2642"]
[WhiteFideId "13502956"]
[BlackFideId "24175439"]
[EventDate "2019.12.29"]

1. e4 c6 2. d4 d5 3. e5 Bf5 4. Nf3 e6 5. Be2 c5 6. O-O Nc6 7. c3 cxd4 8. Nxd4
Nge7 9. Nxf5 Nxf5 10. Bd3 g6 11. Qe2 Bg7 12. f4 O-O 13. Nd2 f6 14. exf6 Qxf6 15.
Nf3 Rae8 16. Bb5 Nd6 17. Ba4 Qd8 18. Kh1 Qa5 19. Bb3 Qc7 20. Bd2 Ne4 21. Be3 Na5
22. Nd2 Nxd2 23. Bxd2 Nxb3 24. axb3 a6 25. Rae1 Qd7 26. Qd3 Rf5 27. b4 Rf7 28.
Rf3 Bf8 29. g3 Bg7 30. Rfe3 Qc6 31. Kg1 Rd7 32. R3e2 b5 33. Be3 Kf7 34. Bd4
Bxd4+ 35. Qxd4 Qc4 36. Qb6 d4 37. Qxa6 d3 38. Rd2 h5 39. Qb6 h4 40. Qe3 h3 41.
Qe4 Red8 42. Kf2 Ra7 43. g4 Rd5 44. Kg3 Rd8 45. Kxh3 Rad7 46. Kg3 Rd6 47. h3 Qc7
48. Re3 Qd7 49. Qe5 Rd5 50. Qe4 Qd6 51. Kg2 Kf6 52. h4 Qd7 53. Kf2 Qd6 54. Qf3
Kg7 55. Re4 Rf8 56. Kg2 Rf7 57. Qe3 Re7 58. Rd4 Qc6 59. Qf3 Rf7 60. R2xd3 Qc7
61. Rxd5 exd5 62. Rd4 Qe7 63. Kg3 Qe1+ 64. Qf2 Qh1 65. Rd3 Kh7 66. Re3 Qb1 67.
Qg2 Qc1 68. Qf2 Qb1 69. Rf3 Qe4 70. f5 Qe5+ 71. Kh3 Kg7 72. Qf1 Qe4 73. Qf2 Rf6
74. Kg3 Qe5+ 75. Kg2 Qe4 76. Kh3 Kg8 77. Re3 Qb1 78. Re1 Qa2 79. Re6 Rxe6 80.
fxe6 Qa7 81. Qxa7 1-0

[Event "Mondiale Lampo FIDE 2019"]
[Site "Mosca"]
[Date "29.12.2019"]
[Round "8.34"]
[White "Utegaliyev, Azamat"]
[Black "Anton Guijarro, David"]
[Result "0-1"]
[BlackTitle "GM"]
[WhiteElo "2502"]
[BlackElo "2685"]
[WhiteFideId "13702467"]
[BlackFideId "2285525"]
[EventDate "2019.12.29"]

1. e4 c5 2. Nc3 Nc6 3. g3 g6 4. Bg2 Bg7 5. d3 Rb8 6. Nge2 b5 7. O-O e6 8. a3
Nge7 9. Bg5 h6 10. Be3 Nd4 11. Qd2 d6 12. Nc1 e5 13. f4 exf4 14. gxf4 f5 15. Nd1
O-O 16. Ne2 Be6 17. Bxd4 cxd4 18. Nf2 Rc8 19. Rac1 Qb6 20. h4 Kh8 21. h5 gxh5
22. Ng3 Bf7 23. Bh3 fxe4 24. dxe4 h4 25. Nf5 Nxf5 26. Bxf5 Rce8 27. Nd3 Bc4 28.
b3 d5 29. bxc4 dxe4 30. Bxe4 Rxe4 31. c5 Qe6 32. Rce1 Re3 33. Rxe3 dxe3 34. Qe2
Bd4 35. Kh2 Rg8 36. Rg1 Rxg1 37. Kxg1 Qg6+ 38. Kf1 h3 39. Qh2 Qg4 40. Ke1 Bc3+ 0-1

[Event "Mondiale Lampo FIDE 2019"]
[Site "Mosca"]
[Date "29.12.2019"]
[Round "8.35"]
[White "Indjic, Aleksandar"]
[Black "Predke, Alexandr"]
[Result "1/2-1/2"]
[WhiteTitle "GM"]
[BlackTitle "GM"]
[WhiteElo "2619"]
[BlackElo "2676"]
[WhiteFideId "911925"]
[BlackFideId "24107581"]
[EventDate "2019.12.29"]

1. d4 c6 2. Nf3 Nf6 3. e3 d5 4. c4 Bf5 5. Nc3 e6 6. Bd3 Bxd3 7. Qxd3 Nbd7 8. O-O
Bd6 9. e4 dxe4 10. Nxe4 Nxe4 11. Qxe4 O-O 12. Bg5 Be7 13. Bf4 Re8 14. b3 a5 15.
Qc2 Bf6 16. Rad1 Nf8 17. Bg3 Ng6 18. Rfe1 Qb6 19. h4 h6 20. h5 Ne7 21. Be5 Bxe5
22. dxe5 Red8 23. Re3 c5 24. Red3 Rxd3 25. Rxd3 Rd8 26. Qd2 Nc6 27. Rxd8+ Qxd8
28. Qxd8+ Nxd8 29. Nd2 Nc6 30. f4 Nb4 31. a3 Nc2 32. a4 Nd4 33. Kf2 b6 34. Ke3
Kf8 35. g4 Ke7 36. g5 Nf5+ 37. Kf3 Nd4+ 38. Ke3 Nf5+ 39. Kf3 Nd4+ 1/2-1/2

[Event "Mondiale Lampo FIDE 2019"]
[Site "Mosca"]
[Date "29.12.2019"]
[Round "8.36"]
[White "Nozdrachev, Vladislav"]
[Black "Shimanov, Aleksandr"]
[Result "0-1"]
[WhiteTitle "IM"]
[BlackTitle "GM"]
[WhiteElo "2494"]
[BlackElo "2587"]
[WhiteFideId "24113441"]
[BlackFideId "4198603"]
[EventDate "2019.12.29"]

1. e4 c6 2. d4 d5 3. Nc3 dxe4 4. Nxe4 Bf5 5. Ng3 Bg6 6. h4 h6 7. Nh3 e6 8. Nf4
Bh7 9. c3 Nd7 10. Bc4 Qe7 11. Qf3 O-O-O 12. Be3 e5 13. Nfe2 Ngf6 14. Nf5 Qe8 15.
O-O e4 16. Qh3 Kb8 17. a4 Nb6 18. Bb3 Qd7 19. Neg3 Nbd5 20. Bd2 g6 21. Nxh6 e3
22. Nxf7 Qxf7 23. fxe3 Bh6 24. Ne4 Qe7 25. Ng5 Bxg5 26. Qg3+ Qc7 27. Qxc7+ Kxc7
28. hxg5 Ne4 29. Bxd5 cxd5 30. Be1 Rhf8 31. Bh4 Bg8 32. Rf4 Rxf4 33. exf4 Be6
34. Bf2 Kc6 35. Be3 Rh8 36. Re1 Bf5 37. Bc1 b5 38. axb5+ Kxb5 39. Be3 a5 40. Ra1
a4 41. Bf2 Nd6 42. Be3 Nc4 43. Bc1 Re8 44. Kf2 Bd3 45. g4 Re2+ 46. Kf3 Rc2 47.
Kg3 Be4 48. f5 gxf5 49. gxf5 Bxf5 50. Kf4 Be4 51. Kg4 Nxb2 52. Bf4 Nc4 53. Rb1+
Rb2 54. Ra1 a3 55. Bc1 Rb1 0-1

[Event "Mondiale Lampo FIDE 2019"]
[Site "Mosca"]
[Date "29.12.2019"]
[Round "8.37"]
[White "Timofeev, Artyom"]
[Black "Smirin, Ilia"]
[Result "1-0"]
[WhiteTitle "GM"]
[BlackTitle "GM"]
[WhiteElo "2588"]
[BlackElo "2607"]
[WhiteFideId "4140419"]
[BlackFideId "2801990"]
[EventDate "2019.12.29"]

1. c4 e5 2. e3 Nf6 3. Nc3 d5 4. cxd5 Nxd5 5. Nf3 Nxc3 6. bxc3 Bd6 7. d4 Nd7 8.
Bd3 Qe7 9. Qc2 g6 10. O-O O-O 11. e4 c5 12. Bg5 f6 13. Be3 b6 14. Bc4+ Kh8 15.
Bd5 Rb8 16. Rad1 Rd8 17. h3 Bb7 18. Bxb7 Rxb7 19. Rd2 Rc7 20. Qb1 exd4 21. cxd4
c4 22. e5 Bb4 23. Re2 Re8 24. Bf4 Rcc8 25. Re3 fxe5 26. Nxe5 Nxe5 27. Rxe5 Qf8
28. Qe4 Rxe5 29. Qxe5+ Kg8 30. Qe6+ Kg7 31. Be5+ Kh6 32. Qg4 Qf5 33. Qh4+ Qh5
34. Qe4 Qf5 35. Qb7 Bf8 36. g4 Qe6 37. d5 Qxe5 38. Qxc8 Bd6 39. g5+ Qxg5+ 40.
Qg4 Qxg4+ 41. hxg4 Ba3 42. Re1 c3 43. Re2 Kg7 44. Kg2 b5 45. Kf3 a5 46. Ke4 Bd6
47. Kd3 b4 48. Kc4 a4 49. f4 Kf7 50. f5 gxf5 51. gxf5 h5 52. Kd3 h4 53. Re6 Bf4
54. d6 h3 55. d7 Bc7 56. Rh6 Ke7 57. Rxh3 Kxd7 58. Rh7+ Kc6 59. f6 b3 60. axb3
axb3 61. Rxc7+ Kxc7 62. f7 c2 1-0

[Event "Mondiale Lampo FIDE 2019"]
[Site "Mosca"]
[Date "29.12.2019"]
[Round "8.38"]
[White "Paravyan, David"]
[Black "Sethuraman, S.P."]
[Result "0-1"]
[WhiteTitle "GM"]
[BlackTitle "GM"]
[WhiteElo "2629"]
[BlackElo "2638"]
[WhiteFideId "4194985"]
[BlackFideId "5021596"]
[EventDate "2019.12.29"]

1. Nf3 d5 2. g3 Nf6 3. Bg2 c5 4. O-O Nc6 5. d3 g6 6. Nbd2 Bg7 7. e4 O-O 8. Re1
e5 9. exd5 Nxd5 10. Nc4 f6 11. a4 Be6 12. Nfd2 Qd7 13. Ne4 b6 14. a5 Rab8 15.
axb6 axb6 16. c3 h6 17. Qc2 f5 18. Ned2 Rfe8 19. Nb3 Ndb4 20. cxb4 Nxb4 21. Qc3
Nxd3 22. Rd1 e4 23. Qc2 Qf7 24. Nbd2 Red8 25. Ne3 Bd4 26. Ndf1 Bb3 27. Qe2 Bxd1
28. Nxd1 c4 29. Bxh6 b5 30. Ra6 Rb6 31. Ra5 b4 32. Bg5 Re8 33. Nfe3 c3 34. bxc3
bxc3 35. h4 Rb1 36. Kh2 Ne5 37. Ra4 Bxe3 38. Nxe3 Rb2 39. Qf1 Qd7 40. Ra6 Qd3
41. Qe1 Qxa6 42. Qxc3 Rxf2 43. Qb3+ Qe6 44. Qb5 Nf3+ 45. Kh1 Rd2 46. Bxf3 exf3
47. Kg1 Re2 48. Nf1 Rg2+ 49. Kh1 Qe2 50. Qd5+ Qe6 51. Qxf3 Re2 52. Kg1 Qb6+ 53.
Kh1 Rf2 54. Qd5+ Qe6 55. Qb5 Qe4+ 0-1

[Event "Mondiale Lampo FIDE 2019"]
[Site "Mosca"]
[Date "29.12.2019"]
[Round "8.39"]
[White "Ruck, Robert"]
[Black "Chigaev, Maksim"]
[Result "0-1"]
[WhiteTitle "GM"]
[BlackTitle "GM"]
[WhiteElo "2530"]
[BlackElo "2631"]
[WhiteFideId "705713"]
[BlackFideId "4108116"]
[EventDate "2019.12.29"]

1. Nf3 g6 2. e4 Bg7 3. d4 d6 4. Be2 Nd7 5. O-O Ngf6 6. Nc3 O-O 7. Re1 e5 8. dxe5
dxe5 9. Be3 b6 10. Bc4 Bb7 11. Bg5 h6 12. Bh4 a6 13. a4 Qe8 14. Nd5 Nxd5 15.
Bxd5 Bxd5 16. Qxd5 a5 17. Rad1 Nc5 18. b3 Kh7 19. Qc4 Rc8 20. Re2 Ne6 21. Bg3
Nd4 22. Nxd4 exd4 23. e5 c5 24. e6 f5 25. f4 Qe7 26. Rde1 Rfd8 27. Qd3 Rd6 28.
Kf1 Rcc6 29. Qc4 d3 30. cxd3 Rd4 31. Qb5 Rcd6 32. Qa6 Rxd3 33. Qa8 Bc3 34. Rc1
Rd1+ 35. Rxd1 Rxd1+ 36. Be1 Bxe1 37. Rxe1 Rxe1+ 38. Kxe1 Qxe6+ 39. Kf2 g5 40.
Qb7+ Kg6 41. fxg5 hxg5 42. Qf3 Qd6 43. h3 Qd4+ 44. Kf1 Qd6 45. Ke2 Qe5+ 46. Kf1
Qe6 47. Kf2 Kf6 48. Kf1 Qd6 49. Kf2 f4 50. Qh5 Qd4+ 51. Kf1 Qd3+ 52. Kf2 Qe3+
53. Kf1 Qxb3 54. Qh8+ Kf5 55. Qh7+ Ke5 56. Qg7+ Ke4 57. Qg6+ Ke3 58. Kg1 c4 59.
Qe6+ Kd2 60. h4 Qe3+ 0-1